Instituto Internacional del Teatro : Comité de Teatro Musical del Centro Cubano de Teatro del ITI /
Guardat en:
| Autor corporatiu: | |
|---|---|
| Format: | Desconegut |
| Idioma: | Spanish |
| Publicat: |
[Lugar de publicación no identificado] :
[editor no identificado],
1994.
|
| Matèries: | |
| Etiquetes: |
Afegir etiqueta
Sense etiquetes, Sigues el primer a etiquetar aquest registre!
|
MARC
| LEADER | 000000000a22000000004500 | ||
|---|---|---|---|
| 001 | 003105 | ||
| 041 | 0 | |a spa | |
| 082 | 0 | 4 | |a 782.81 |b I89i |
| 110 | 1 | |a Instituto Internacional del Teatro | |
| 245 | 1 | 0 | |a Instituto Internacional del Teatro : |b Comité de Teatro Musical del Centro Cubano de Teatro del ITI / |c Instituto Internacional del Teatro. |
| 260 | 1 | |a [Lugar de publicación no identificado] : |b [editor no identificado], |c 1994. | |
| 500 | |a En: Boletìn año 1. no2. | ||
| 650 | 4 | |a LITERATURA CUBANA | |
| 650 | 4 | |a TEATRO | |
| 650 | 4 | |a HISTORIA | |
| 650 | 4 | |a TEATRO DE VARIEDADES | |
| 650 | 4 | |a BIBLIOGRAFIA | |
| 999 | |c 9409 |d 9409 | ||
| 942 | |c BK |h 782.81 I89i |2 z | ||
